[Event "Aguascalientes"]
[Site "Aguascalientes"]
[Date "2009.08.15"]
[Round "6"]
[White "Gongora Montes, Benjamin"]
[Black "Valero Delgado, Elena Elvira"]
[Result "1-0"]
[WhiteElo "2217"]
[BlackElo "1608"]
[PlyCount "53"]
[EventDate "2009.08.14"]
[EventType "tourn"]
[EventRounds "9"]
[EventCountry "MEX"]
[SourceTitle "EXT 2024"]
[Source "ChessBase"]
[SourceDate "2023.10.10"]
[SourceVersion "1"]
[SourceVersionDate "2023.10.10"]
[SourceQuality "1"]

1. e4 c5 2. Nf3 d6 3. d4 cxd4 4. c3 dxc3 5. Nxc3 Nc6 6. Bc4 e6 7. 0-0 Nf6 8. Qe2 Be7 9. Rd1 Nd7 10. Bf4 Nb6 11. Nb5 Nxc4 12. Qxc4 0-0 13. Nxd6 Qb6 14. Rd2 Rd8 15. Rad1 Na5 16. Qe2 Nc6 17. e5 Bd7 18. Nxf7 Kxf7 19. Rxd7 Rxd7 20. Rxd7 Ke8 21. Rd1 h6 22. Qc2 Kf7 23. Qh7 Rg8 24. Bxh6 Qxb2 25. Bg5 Nxe5 26. Nxe5+ Qxe5 27. Bxe7 1-0

[Event "Aguascalientes"]
[Site "Aguascalientes"]
[Date "2009.08.15"]
[Round "4"]
[White "Lopez Ibarra, Ricardo"]
[Black "Valero Delgado, Elena Elvira"]
[Result "0-1"]
[WhiteElo "1491"]
[BlackElo "1608"]
[PlyCount "104"]
[EventDate "2009.08.14"]
[EventType "tourn"]
[EventRounds "9"]
[EventCountry "MEX"]
[SourceTitle "EXT 2024"]
[Source "ChessBase"]
[SourceDate "2023.10.10"]
[SourceVersion "1"]
[SourceVersionDate "2023.10.10"]
[SourceQuality "1"]

1. d4 Nf6 2. c4 g6 3. Nc3 Bg7 4. e4 d6 5. Nf3 0-0 6. Bd3 Nc6 7. Be3 e5 8. d5 Ne7 9. 0-0 Ne8 10. Qd2 f5 11. Bh6 f4 12. Bxg7 Kxg7 13. Be2 Nf6 14. Qd3 Rf7 15. Ng5 Rf8 16. Ne6+ Bxe6 17. dxe6 Nc6 18. Qf3 Nd4 19. Qd3 Nxe6 20. Qh3 Ng5 21. Qd3 Qd7 22. h4 Ne6 23. Qh3 Nd4 24. Qxd7+ Nxd7 25. Bd3 Nc5 26. Rfd1 Rf7 27. f3 Rg8 28. b4 Nxd3 29. Rxd3 Kh8 30. Re1 h5 31. Ne2 Nxe2+ 32. Rxe2 g5 33. hxg5 Rxg5 34. Rdd2 h4 35. Kh1 Rh7 36. a3 h3 37. gxh3 Rxh3+ 38. Rh2 Rgg3 39. Rxh3+ Rxh3+ 40. Rh2 Rxh2+ 41. Kxh2 Kg7 42. Kh3 Kf6 43. Kg4 Ke6 44. Kg5 c6 45. a4 d5 46. cxd5+ cxd5 47. exd5+ Kxd5 48. Kf5 Kd4 49. Kg4 Ke3 50. b5 b6 51. Kf5 Kxf3 52. Kxe5 Kg3 0-1

[Event "Aguascalientes"]
[Site "Aguascalientes"]
[Date "2009.08.14"]
[Round "2"]
[White "Ornelas Lopez, Fernando Mauricio"]
[Black "Valero Delgado, Elena Elvira"]
[Result "1-0"]
[WhiteElo "1919"]
[BlackElo "1608"]
[PlyCount "78"]
[EventDate "2009.08.14"]
[EventType "tourn"]
[EventRounds "9"]
[EventCountry "MEX"]
[SourceTitle "EXT 2024"]
[Source "ChessBase"]
[SourceDate "2023.10.10"]
[SourceVersion "1"]
[SourceVersionDate "2023.10.10"]
[SourceQuality "1"]

1. e4 c5 2. Nf3 d6 3. d4 cxd4 4. Nxd4 Nf6 5. Nc3 g6 6. Be3 Bg7 7. f3 0-0 8. Qd2 Nc6 9. Bc4 Bd7 10. 0-0-0 Rc8 11. Bb3 Ne5 12. h4 h5 13. g4 Nc4 14. Bxc4 Rxc4 15. gxh5 Nxh5 16. Rdg1 Qa5 17. Rg5 Qc7 18. Nd5 Qd8 19. Nf5 Bf6 20. Rxh5 Bxf5 21. Rxf5 gxf5 22. Bh6 Kh7 23. Nxf6+ exf6 24. Bxf8 Qxf8 25. Qd3 Qh6+ 26. Kb1 Rc6 27. Qb5 Rb6 28. Qxf5+ Qg6 29. Qf4 Qh6 30. Qg3 Qg6 31. Qf2 Qh5 32. Rg1 Rc6 33. Qxa7 Qc5 34. Qxc5 Rxc5 35. Rd1 Rc6 36. Rd5 Kh6 37. Rb5 b6 38. Rf5 Rc5 39. Rxc5 bxc5 1-0